| 000 | 00382nam a2200145Ia 4500 | ||
|---|---|---|---|
| 008 | 230917s9999||||xx |||||||||||||| ||und|| | ||
| 040 |
_e136387 _aMAIN |
||
| 041 | _aEnglish | ||
| 082 | _a658.4 H 667M | ||
| 100 | _ahodgetts, Richard M | ||
| 245 | 0 | _aManagement Theory and process and and practice | |
| 260 |
_aPhiladelphia _bW B Saunders _c1975 |
||
| 300 | _a603 p. | ||
| 942 | _cBK | ||
| 999 |
_c197172 _d197172 |
||